00369nam a2200145Ia 4500008004100000020001800041041000800059082001700067100001400084245004200098260003300140300000800173365001600181700002600197230718s9999 xx 000 0 und d a9788131756409 aeng a371.9'3bTHO aThorpe E. aPearson General Knowledge Manual 2011 c2011bPearson Education pub a754 cRs.b499.00 aThorpe E. & Thorpe S.